Pichi pichi pitch : Kuro No Kyousoukyoku - Statistiques

Statistiques générales
  • Ce quiz a été pris 75 fois
  • Le résultat moyen est 70 sur 130
Statistiques - réponses
Réponse % Correct
Affreuse
88%
voix,
88%
chanson !
86%
horrible
86%
la
83%
de
79%
nous
72%
te
72%
Le
71%
le
71%
déroberons.
62%
pouvoir
62%
Lumière
60%
perle,
60%
donne
59%
ton !
59%
dans
57%
Dans
57%
magie
57%
Elle
53%
noire
53%
les
52%
un
50%
égal.
48%
sans
47%
Comme
45%
fatale.
45%
ne
45%
éclaire
43%
fantasme,
43%
illusion,
43%
irréel,
43%
rêve,
43%
simple
43%
Spectacle
43%
drôle
41%
l'obscurité
41%
miroirs !
41%
pas
41%
une
41%
vision,
41%
éternel
40%
personne
40%
peut
40%
voir.
40%
d'image
38%
n'a
38%
paix
38%
que
38%
qu'une
38%
n'est
36%
plus
36%
sombres,
34%
ces
33%
Qui
33%
vagues
33%
attrape-nigaud,
29%
refrains
29%
t'entraîneront !
29%
dernier
26%
prison
26%
jour.
24%
jusqu'au
24%
monde,
19%
enchaîne
17%
l'amour !
17%
l'appât,
14%
Aucun quiz correspondant
Distribution des résultats
% des personnes avec chaque résultat
Percentile par nombre de réponses
Votre historique - résultats
Vous n’avez pas pris ce quiz